[Event "Frankfurt-ch"]
[Site "Frankfurt"]
[Date "2008.04.28"]
[Round "1"]
[White "Schlamp, Robert"]
[Black "Gauf, Wolfgang"]
[Result "1-0"]
[WhiteElo "2333"]
[BlackElo "1758"]
[PlyCount "83"]
[EventDate "2008.04.28"]
[EventType "swiss"]
[EventRounds "7"]
[EventCountry "GER"]
[SourceTitle "EXT 2009"]
[Source "ChessBase"]
[SourceDate "2008.11.26"]
[SourceVersion "1"]
[SourceVersionDate "2008.11.26"]
[SourceQuality "1"]

1. e4 c5 2. c3 Nf6 3. e5 Nd5 4. d4 cxd4 5. Bc4 Qc7 6. Qe2 Nb6 7. Bb3 d3 8. Qxd3 Qxe5+ 9. Be3 d6 10. Nf3 Qf5 11. Qe2 Nc6 12. 0-0 e6 13. Na3 Be7 14. Nb5 0-0 15. Rad1 d5 16. Nxa7 Rxa7 17. Bxb6 Ra6 18. Be3 Rd8 19. Kh1 Bf6 20. Rg1 g5 21. Bc2 Qg4 22. Qd3 Qh5 23. g4 Qh6 24. Qd2 Qg7 25. Nxg5 Bxg5 26. Bxg5 f6 27. Bh6 Qf7 28. f4 Ne7 29. f5 e5 30. Rdf1 Kh8 31. Bb3 Bd7 32. Rg3 Bc6 33. Kg1 Ba4 34. g5 Rg8 35. gxf6 Rxg3+ 36. hxg3 Qxf6 37. Bg5 Qb6+ 38. Kh2 Bxb3 39. axb3 Ng8 40. f6 Qd6 41. f7 Qf8 42. Qxd5 1-0

[Event "Frankfurt-ch"]
[Site "Frankfurt"]
[Date "2007.06.04"]
[Round "5"]
[White "Goebel, Andreas"]
[Black "Gauf, Wolfgang"]
[Result "1-0"]
[WhiteElo "2063"]
[BlackElo "1808"]
[PlyCount "81"]
[EventDate "2007.04.30"]
[EventType "swiss"]
[EventRounds "7"]
[EventCountry "GER"]
[SourceTitle "EXT 2008"]
[Source "ChessBase"]
[SourceDate "2007.11.25"]
[SourceVersion "1"]
[SourceVersionDate "2007.11.25"]
[SourceQuality "1"]

1. Nf3 Nf6 2. d4 g6 3. c4 Bg7 4. Nc3 0-0 5. e3 d6 6. Be2 Nbd7 7. 0-0 c5 8. b3 b6 9. Bb2 Bb7 10. Qc2 a6 11. Rad1 Qc7 12. d5 Rfc8 13. Nh4 Qd8 14. f4 e6 15. dxe6 fxe6 16. Bf3 Bxf3 17. Nxf3 Qe7 18. Qd3 Ne8 19. Ng5 Ndf6 20. e4 h6 21. Nf3 Rd8 22. Qc2 Ng4 23. Rde1 Bd4+ 24. Nxd4 cxd4 25. Na4 Ne3 26. Rxe3 dxe3 27. Nxb6 Rab8 28. Bd4 Qa7 29. Bxe3 Rxb6 30. Qf2 Rdb8 31. f5 exf5 32. exf5 g5 33. f6 Kf7 34. Qf5 Qb7 35. Qh7+ Ke6 36. f7 Nf6 37. Qf5+ Kxf7 38. Qxf6+ Kg8 39. Bd4 Kh7 40. Qf5+ Kg8 41. Qg6+ 1-0

[Event "Frankfurt-ch"]
[Site "Frankfurt"]
[Date "2007.05.21"]
[Round "4"]
[White "Gauf, Wolfgang"]
[Black "Frank, Dieter1111"]
[Result "1-0"]
[WhiteElo "1808"]
[BlackElo "1505"]
[PlyCount "99"]
[EventDate "2007.04.30"]
[EventType "swiss"]
[EventRounds "7"]
[EventCountry "GER"]
[SourceTitle "EXT 2008"]
[Source "ChessBase"]
[SourceDate "2007.11.25"]
[SourceVersion "1"]
[SourceVersionDate "2007.11.25"]
[SourceQuality "1"]

1. e4 d5 2. exd5 Qxd5 3. Nc3 Qa5 4. Rb1 Nf6 5. b4 Qb6 6. d3 c6 7. Be3 Qc7 8. g3 Bf5 9. Bg2 e6 10. Nge2 Nbd7 11. 0-0 Nb6 12. b5 Nbd5 13. bxc6 bxc6 14. Nxd5 Nxd5 15. Bd4 e5 16. Ba1 Be7 17. Nc3 Rd8 18. Re1 Nxc3 19. Bxc3 f6 20. Qf3 Bd7 21. Qh5+ g6 22. Qh6 Bf8 23. Qd2 Kf7 24. Ba5 Qc8 25. Bxd8 Qxd8 26. Rb7 Kg8 27. Qc3 Qc8 28. Qc4+ Be6 29. Qxc6 Qxc6 30. Bxc6 Bc5 31. Reb1 Bb6 32. a4 Bc8 33. Bd5+ Kf8 34. Rb8 Ke7 35. Bb7 Kd7 36. Rxc8 Rxc8 37. Bxc8+ Kxc8 38. Rb5 Kc7 39. a5 Bd4 40. c3 Kc6 41. Rb8 Bc5 42. Kg2 a6 43. Kf3 f5 44. Ke2 Kc7 45. Rh8 Kc6 46. Rxh7 Kb5 47. Rg7 Kxa5 48. Rxg6 Bb6 49. h4 Kb5 50. h5 1-0

[Event "Hessen-ch qual-C"]
[Site "Erlensee"]
[Date "2007.04.07"]
[Round "7"]
[White "Gauf, Wolfgang"]
[Black "Schmitt, Carsten1111"]
[Result "1-0"]
[WhiteElo "1814"]
[BlackElo "1829"]
[PlyCount "79"]
[EventDate "2007.04.04"]
[EventType "swiss"]
[EventRounds "7"]
[EventCountry "GER"]
[SourceTitle "CBM 117 Extra"]
[Source "ChessBase"]
[SourceDate "2007.05.09"]
[SourceVersion "1"]
[SourceVersionDate "2007.05.09"]
[SourceQuality "1"]

1. e4 c5 2. Nf3 Nc6 3. Nc3 e6 4. d4 cxd4 5. Nxd4 Nf6 6. Ndb5 d6 7. Bf4 e5 8. Bg5 a6 9. Na3 Be6 10. Nc4 Rc8 11. Ne3 Qa5 12. Bxf6 gxf6 13. Ned5 Bxd5 14. Qxd5 Qb4 15. Bc4 Nd8 16. Bb3 Rc5 17. a3 Qa5 18. Qd2 Rg8 19. Ba4+ Rc6 20. b4 Qb6 21. Nd5 Qd4 22. Qxd4 exd4 23. Nxf6+ Ke7 24. Nxg8+ Ke6 25. Bxc6 Nxc6 26. 0-0 Bg7 27. f4 f6 28. Rae1 Kf7 29. Nxf6 Kxf6 30. g4 Ke6 31. g5 a5 32. b5 Na7 33. a4 Nc8 34. f5+ Ke5 35. f6 Bf8 36. Rf5+ Ke6 37. Rd1 Nb6 38. Rxd4 d5 39. Rdxd5 Nxd5 40. Rxd5 1-0

[Event "Hessen-ch qual-C"]
[Site "Erlensee"]
[Date "2007.04.05"]
[Round "3"]
[White "Friedrich, Helmut"]
[Black "Gauf, Wolfgang"]
[Result "1/2-1/2"]
[WhiteElo "1725"]
[BlackElo "1814"]
[PlyCount "37"]
[EventDate "2007.04.04"]
[EventType "swiss"]
[EventRounds "7"]
[EventCountry "GER"]
[SourceTitle "CBM 117 Extra"]
[Source "ChessBase"]
[SourceDate "2007.05.09"]
[SourceVersion "1"]
[SourceVersionDate "2007.05.09"]
[SourceQuality "1"]

1. e4 c5 2. Nf3 Nc6 3. d4 cxd4 4. Nxd4 g6 5. Be3 Nf6 6. Nc3 Bg7 7. Be2 0-0 8. 0-0 d5 9. Nxc6 bxc6 10. exd5 Nxd5 11. Nxd5 cxd5 12. c3 a5 13. Qd2 Ba6 14. Rfd1 e6 15. Rac1 Bxe2 16. Qxe2 Qh4 17. Rc2 Rfc8 18. Rcd2 Qc4 19. Qxc4 1/2-1/2

[Event "Main Kinzig-ch"]
[Site "Ronneburg"]
[Date "2003.11.21"]
[Round "6"]
[White "Gauf, Wolfgang"]
[Black "Mahnke, Joern"]
[Result "1/2-1/2"]
[WhiteElo "1784"]
[BlackElo "1711"]
[PlyCount "30"]
[EventDate "2003.09.12"]
[EventType "swiss"]
[EventRounds "7"]
[EventCountry "GER"]
[SourceTitle "EXT 2015"]
[Source "ChessBase"]
[SourceDate "2014.11.20"]
[SourceVersion "1"]
[SourceVersionDate "2014.11.20"]
[SourceQuality "1"]

1. Nf3 Nf6 2. g3 b6 3. Bg2 Bb7 4. 0-0 d6 5. d3 Nbd7 6. Nbd2 g6 7. e4 Bg7 8. Re1 0-0 9. Nc4 Rb8 10. Bd2 c5 11. Bc3 b5 12. e5 bxc4 13. exf6 Nxf6 14. dxc4 Qc7 15. Nd2 Bxg2 1/2-1/2

[Event "Main Kinzig-ch"]
[Site "Ronneburg"]
[Date "2003.11.07"]
[Round "5"]
[White "Schneider, Uwe2222"]
[Black "Gauf, Wolfgang"]
[Result "0-1"]
[WhiteElo "1827"]
[BlackElo "1784"]
[PlyCount "30"]
[EventDate "2003.09.12"]
[EventType "swiss"]
[EventRounds "7"]
[EventCountry "GER"]
[SourceTitle "EXT 2015"]
[Source "ChessBase"]
[SourceDate "2014.11.20"]
[SourceVersion "1"]
[SourceVersionDate "2014.11.20"]
[SourceQuality "1"]

1. e4 c5 2. Nf3 Nc6 3. d4 cxd4 4. Nxd4 g6 5. c3 Bg7 6. Be2 Nf6 7. Qc2 0-0 8. Be3 d5 9. Nxc6 bxc6 10. exd5 Nxd5 11. Bc5 Nf4 12. Qe4 Nxe2 13. Qxe2 Qd5 14. Qe3 Qxg2 15. Rf1 Ba6 0-1

[Event "Main Kinzig-ch"]
[Site "Ronneburg"]
[Date "2003.10.10"]
[Round "3"]
[White "Gauf, Wolfgang"]
[Black "Rondio, Thomas"]
[Result "1-0"]
[WhiteElo "1784"]
[BlackElo "1857"]
[PlyCount "67"]
[EventDate "2003.09.12"]
[EventType "swiss"]
[EventRounds "7"]
[EventCountry "GER"]
[SourceTitle "EXT 2015"]
[Source "ChessBase"]
[SourceDate "2014.11.20"]
[SourceVersion "1"]
[SourceVersionDate "2014.11.20"]
[SourceQuality "1"]

1. e4 e5 2. Nf3 Nc6 3. d4 exd4 4. Nxd4 Bc5 5. Be3 Qf6 6. c3 Nge7 7. Bc4 0-0 8. 0-0 Ne5 9. Be2 Qb6 10. b4 Bxd4 11. Bxd4 Qe6 12. Nd2 N7c6 13. f4 Nxd4 14. cxd4 Qb6 15. fxe5 Qxd4+ 16. Kh1 Qxb4 17. Bc4 b5 18. Rb1 Qe7 19. Rxb5 Ba6 20. Rb3 Bxc4 21. Nxc4 d6 22. Qd5 dxe5 23. Qxe5 Qxe5 24. Nxe5 Rfe8 25. Nxf7 Rxe4 26. Ng5 Re2 27. a3 h6 28. Nf3 Rf8 29. Kg1 Rf6 30. Nd4 Rxf1+ 31. Kxf1 Rd2 32. Nb5 c5 33. Rc3 a6 34. Nc7 1-0

[Event "Main Kinzig-ch"]
[Site "Ronneburg"]
[Date "2003.09.26"]
[Round "2"]
[White "Gauf, Wolfgang"]
[Black "Krueger, Till"]
[Result "1-0"]
[WhiteElo "1784"]
[BlackElo "1903"]
[PlyCount "69"]
[EventDate "2003.09.12"]
[EventType "swiss"]
[EventRounds "7"]
[EventCountry "GER"]
[SourceTitle "EXT 2015"]
[Source "ChessBase"]
[SourceDate "2014.11.20"]
[SourceVersion "1"]
[SourceVersionDate "2014.11.20"]
[SourceQuality "1"]

1. Nf3 g6 2. g3 Bg7 3. Bg2 Nf6 4. 0-0 c5 5. d3 d5 6. Nbd2 0-0 7. e4 Nc6 8. Re1 e6 9. a3 b6 10. Rb1 a5 11. Qe2 Bb7 12. e5 Nd7 13. Nf1 Ndxe5 14. Nxe5 Nxe5 15. b4 cxb4 16. axb4 a4 17. Bb2 Nd7 18. c4 Bxb2 19. Rxb2 Qf6 20. Ra2 Ra7 21. Rea1 dxc4 22. dxc4 Bxg2 23. Kxg2 Qc3 24. Rxa4 Rc7 25. Ne3 Rfc8 26. R1a3 Qe5 27. Qf3 Qd4 28. Ra8 f5 29. Rxc8+ Rxc8 30. Qb7 Rb8 31. Qc6 Kf7 32. Ra7 Ke7 33. Nd5+ Kf8 34. Qd6+ Kg7 35. Qxd7+ 1-0

[Event "Main Kinzig-ch"]
[Site "Rodenbach"]
[Date "2001.11.02"]
[Round "4"]
[White "Schneider, Uwe2222"]
[Black "Gauf, Wolfgang"]
[Result "1-0"]
[WhiteElo "1838"]
[BlackElo "1837"]
[PlyCount "77"]
[EventDate "2001.09.21"]
[EventType "swiss"]
[EventRounds "7"]
[EventCountry "GER"]
[SourceTitle "EXT 2003"]
[Source "ChessBase"]
[SourceDate "2002.11.25"]
[SourceVersion "1"]
[SourceVersionDate "2002.11.25"]
[SourceQuality "1"]

1. e4 d6 2. d4 Nf6 3. Bd3 g6 4. f4 Bg7 5. Nf3 c5 6. dxc5 Qa5+ 7. Bd2 Qxc5 8. Nc3 0-0 9. Qe2 Bg4 10. h3 Bxf3 11. Qxf3 Nc6 12. Na4 Qd4 13. Nc3 Nd7 14. Rb1 Nc5 15. Nb5 Nxd3+ 16. Qxd3 Qa4 17. Nc3 Bxc3 18. Bxc3 Qxa2 19. 0-0 f6 20. Qb5 Rab8 21. Rfe1 a6 22. Qd5+ Qxd5 23. exd5 Na7 24. Rxe7 Nb5 25. Bb4 Rf7 26. Rbe1 Rc8 27. c3 Kf8 28. Rxf7+ Kxf7 29. Re6 h5 30. Kf2 Rc4 31. g3 h4 32. Bxd6 Nxd6 33. Rxd6 hxg3+ 34. Kxg3 Ke7 35. Rb6 g5 36. fxg5 fxg5 37. Rxb7+ Kd6 38. Rg7 Kxd5 39. Rxg5+ 1-0